| 000 | 00810nam a2200217 i 4500 | ||
|---|---|---|---|
| 001 | 88136 | ||
| 003 | ES-MaACL | ||
| 005 | 20250823063045.0 | ||
| 007 | t| | ||
| 008 | 050103s1935 sp ||||1| spa d | ||
| 100 | 1 |
_aLafuente Ferrari, Enrique, _d1898-1985 _969538 |
|
| 245 | 1 | 0 |
_aGrabados y dibujos de Tiépolo _b: estudio preliminar y catálogo / _cpor Enrique Lafuente Ferrari. |
| 260 |
_aMadrid : _b[s.n., _c1935] ( _fImp. Helénica) |
||
| 300 |
_a63 p., 16 lám. ; _c20 cm. |
||
| 500 | _aPrecede al tít.: Patronato de la Biblioteca Nacional. | ||
| 600 | 1 | 4 |
_aTiepolo, Giovanni Battista. _9146850 |
| 600 | 1 | 4 |
_aTiepolo, Giovanni Domenico ( _d1727-180) _9152652 |
| 710 | 2 |
_aBiblioteca Nacional (España). _bPatronato. _92194 |
|
| 852 |
_aES-MaACL _j1894-F-6 _bR.26854 |
||
| 999 |
_c88136 _d88136 |
||